[Event "Canadian op"]
[Site "Edmonton"]
[Date "2005.07.17"]
[Round "10"]
[White "Laming, Ryan"]
[Black "Jones, Avery"]
[Result "1/2-1/2"]
[WhiteElo "1756"]
[BlackElo "1582"]
[PlyCount "54"]
[EventDate "2005.07.09"]
[EventType "swiss"]
[EventRounds "10"]
[EventCountry "CAN"]
[SourceTitle "CBM 107 Extra"]
[Source "ChessBase"]
[SourceDate "2005.09.01"]
[SourceVersion "1"]
[SourceVersionDate "2005.09.01"]
[SourceQuality "1"]

1. d4 d5 2. c4 e6 3. Nc3 c6 4. Nf3 Nf6 5. Bg5 Be7 6. e3 0-0 7. Bd3 Re8 8. 0-0 Nbd7 9. Rc1 Nf8 10. h3 Ng6 11. cxd5 exd5 12. Qc2 Be6 13. a3 Qd7 14. Ne5 Nxe5 15. dxe5 Nh5 16. Bxe7 Rxe7 17. Bxh7+ Kh8 18. Bd3 Bxh3 19. f4 Bg4 20. Qf2 f5 21. Ne2 g6 22. Nd4 Rh7 23. b4 Qe7 24. Rfe1 Rc8 25. Be2 Bxe2 26. Rxe2 Ng7 27. Rec2 a6 1/2-1/2

[Event "Canadian op"]
[Site "Edmonton"]
[Date "2005.07.11"]
[Round "4"]
[White "Lawson, Bianca"]
[Black "Jones, Avery"]
[Result "1-0"]
[WhiteElo "1327"]
[BlackElo "1582"]
[PlyCount "115"]
[EventDate "2005.07.09"]
[EventType "swiss"]
[EventRounds "10"]
[EventCountry "CAN"]
[SourceTitle "CBM 107 Extra"]
[Source "ChessBase"]
[SourceDate "2005.09.01"]
[SourceVersion "1"]
[SourceVersionDate "2005.09.01"]
[SourceQuality "1"]

1. e4 c6 2. Nc3 d5 3. f3 e5 4. d3 Ne7 5. Nge2 Ng6 6. d4 Be7 7. dxe5 Nxe5 8. exd5 0-0 9. dxc6 Nbxc6 10. Qxd8 Rxd8 11. Bd2 Nc4 12. 0-0-0 Be6 13. Nf4 Nxd2 14. Rxd2 Bg5 15. Rxd8+ Rxd8 16. g3 a6 17. h4 Bxf4+ 18. gxf4 Bf5 19. Bh3 Ne7 20. Bg4 Kf8 21. Re1 Bxg4 22. fxg4 Ng6 23. f5 Nxh4 24. Rh1 Nf3 25. Rxh7 Kg8 26. Rh1 Rd4 27. Rf1 Ng5 28. Rg1 f6 29. b3 Nh3 30. Rg3 Ng5 31. Na4 b5 32. Nc5 Ne4 33. Nxe4 Rxe4 34. g5 fxg5 35. Rxg5 Kf7 36. Rg6 a5 37. Ra6 a4 38. bxa4 bxa4 39. Kb2 Rf4 40. c3 Rxf5 41. Rxa4 g5 42. Rg4 Kf6 43. a4 Rf1 44. c4 Rf2+ 45. Kb3 Rf3+ 46. Kb4 Rf4 47. Rg1 g4 48. a5 Kg5 49. a6 Rf8 50. Kb5 Rb8+ 51. Ka5 Kf4 52. a7 Ra8 53. Kb6 Kf3 54. Kb7 Rg8 55. a8Q Rxa8 56. Kxa8 g3 57. c5 Kf2 58. Rxg3 1-0

[Event "Canadian op"]
[Site "Edmonton"]
[Date "2005.07.09"]
[Round "1"]
[White "Jones, Avery"]
[Black "Yam, Alex"]
[Result "0-1"]
[WhiteElo "1582"]
[BlackElo "2048"]
[PlyCount "52"]
[EventDate "2005.07.09"]
[EventType "swiss"]
[EventRounds "10"]
[EventCountry "CAN"]
[SourceTitle "CBM 107 Extra"]
[Source "ChessBase"]
[SourceDate "2005.09.01"]
[SourceVersion "1"]
[SourceVersionDate "2005.09.01"]
[SourceQuality "1"]

1. d4 Nf6 2. Nf3 c5 3. e3 g6 4. Be2 Bg7 5. c3 0-0 6. 0-0 d6 7. Nbd2 Nc6 8. Re1 e5 9. dxe5 dxe5 10. e4 Qe7 11. Qc2 Rb8 12. Nf1 h6 13. Ng3 Ne8 14. Be3 Be6 15. Rad1 Nc7 16. b3 b5 17. Rd2 f5 18. exf5 gxf5 19. Nh5 f4 20. Nxg7 fxe3 21. Rd3 exf2+ 22. Kxf2 Qxg7 23. Rd6 Ne7 24. Kg1 Ncd5 25. Bd1 Nf4 26. Rxe5 Bd5 0-1

[Event "Lansing op"]
[Site "Lansing"]
[Date "2004.09.05"]
[Round "5"]
[White "Jones, Avery"]
[Black "Schwiebert, Loren"]
[Result "0-1"]
[WhiteElo "1573"]
[BlackElo "1390"]
[PlyCount "112"]
[EventDate "2004.09.03"]
[EventType "swiss"]
[EventRounds "7"]
[EventCountry "USA"]
[SourceTitle "EXT 2007"]
[Source "ChessBase"]
[SourceDate "2006.11.23"]
[SourceVersion "1"]
[SourceVersionDate "2006.11.23"]
[SourceQuality "1"]

1. d4 Nf6 2. e3 e6 3. Nf3 b6 4. Bd3 d5 5. 0-0 c5 6. c3 Bd6 7. Ne5 0-0 8. Nd2 Ba6 9. Bxa6 Nxa6 10. f4 Ne4 11. Rf3 f5 12. Rh3 Bxe5 13. dxe5 Qe8 14. Nf1 c4 15. Ng3 Nac5 16. Bd2 Nd3 17. Nxe4 dxe4 18. Rb1 Rd8 19. Qe2 Rd7 20. Be1 Qf7 21. Bh4 Rc8 22. Rg3 Kf8 23. Rh3 Ke8 24. Bg5 h6 25. Qc2 Rd5 26. Qa4+ Qd7 27. Qxd7+ Kxd7 28. Bh4 Rg8 29. Rg3 g5 30. fxg5 hxg5 31. Rxg5 Rxg5 32. Bxg5 Rxe5 33. Kf1 Rd5 34. Ke2 Ke8 35. g3 Kf7 36. h4 Kg6 37. b3 cxb3 38. axb3 Ra5 39. Be7 Ra2+ 40. Kf1 Kh5 41. c4 Kg4 42. b4 Kxg3 43. c5 Kh2 44. Bd6+ e5 45. Bxe5+ Nxe5 46. Re1 bxc5 47. bxc5 Nd3 48. Re2+ Rxe2 49. Kxe2 Nxc5 50. h5 Ne6 51. h6 Ng5 52. Kd2 Kg3 53. Kc3 Kf3 54. Kd4 a5 55. Ke5 Kg4 56. Kf6 a4 0-1

[Event "Lansing op"]
[Site "Lansing"]
[Date "2004.09.03"]
[Round "1"]
[White "Hershberger, Kent"]
[Black "Jones, Avery"]
[Result "1/2-1/2"]
[WhiteElo "1723"]
[BlackElo "1573"]
[PlyCount "64"]
[EventDate "2004.09.03"]
[EventType "swiss"]
[EventRounds "7"]
[EventCountry "USA"]
[SourceTitle "EXT 2007"]
[Source "ChessBase"]
[SourceDate "2006.11.23"]
[SourceVersion "1"]
[SourceVersionDate "2006.11.23"]
[SourceQuality "1"]

1. e4 c6 2. d4 d5 3. Nd2 dxe4 4. Nxe4 Nd7 5. Nf3 Ndf6 6. Ng3 Bg4 7. Be2 e6 8. 0-0 Bd6 9. h3 Bxf3 10. Bxf3 Ne7 11. c3 0-0 12. Ne4 Nxe4 13. Bxe4 Ng6 14. Be3 Qc7 15. Qc2 Qe7 16. Rfe1 f5 17. Bd3 b5 18. Bd2 Rae8 19. Kh1 Qh4 20. Bc1 Re7 21. a4 Rf6 22. axb5 Nf4 23. Bf1 Rg6 24. g3 Nxh3 25. Bg2 Nxf2+ 26. Kg1 Bxg3 27. Re2 Ne4 28. bxc6 Bh2+ 29. Kf1 Ng3+ 30. Ke1 Nxe2+ 31. Kf1 Ng3+ 32. Ke1 Ne4+ 1/2-1/2

[Event "Kalamazoo op1"]
[Site "Kalamazoo"]
[Date "2003.09.01"]
[Round "6.25"]
[White "Van Dyke, Sid"]
[Black "Jones, Avery"]
[Result "1-0"]
[WhiteElo "1500"]
[BlackElo "1629"]
[PlyCount "125"]
[EventDate "2003.08.29"]
[EventType "swiss"]
[EventRounds "7"]
[EventCountry "USA"]
[SourceTitle "EXT 2007"]
[Source "ChessBase"]
[SourceDate "2006.11.23"]
[SourceVersion "1"]
[SourceVersionDate "2006.11.23"]
[SourceQuality "1"]

1. e4 c6 2. b3 d5 3. e5 Bf5 4. d3 e6 5. Be2 Nd7 6. Nf3 Bg4 7. d4 Ne7 8. 0-0 Ng6 9. h3 Bxf3 10. Bxf3 Be7 11. Be2 0-0 12. Bd3 c5 13. c3 Rc8 14. Be3 a6 15. Nd2 b5 16. f4 cxd4 17. cxd4 Qb6 18. Qe2 Rc7 19. a4 Rb8 20. axb5 axb5 21. Rfc1 b4 22. Rxc7 Qxc7 23. Nf3 Ndf8 24. f5 exf5 25. Bxf5 Qc3 26. Rb1 Ra8 27. Bd2 Qc6 28. Qe1 Qb6 29. Kh1 Ne6 30. Bxg6 hxg6 31. Be3 Ra2 32. Qc1 Qb5 33. Rb2 Ra3 34. Qc8+ Nf8 35. Qc7 Qd7 36. Qb6 Ra1+ 37. Kh2 Ra7 38. Rc2 Rb7 39. Qc6 Qxc6 40. Rxc6 Ne6 41. Bd2 Rb8 42. Kg3 Bf8 43. Kf2 Be7 44. Ke2 Kf8 45. Kd3 Ke8 46. Ng1 Kd7 47. Rc1 Ra8 48. Ne2 Ra3 49. Rb1 Ra2 50. g3 Nd8 51. Nf4 Nc6 52. Nxd5 Bf8 53. Nb6+ Ke6 54. Nc4 Ra8 55. Ne3 Rd8 56. d5+ Kxe5 57. Kc4 Nb8 58. Ng4+ Kd6 59. Bf4+ Kd7 60. Ne5+ Ke8 61. Re1 Rc8+ 62. Nc6+ Kd7 63. Bxb8 1-0

[Event "Flint op 07"]
[Site "Flint"]
[Date "2002.07.27"]
[Round "2"]
[White "Mazuchowski, Tom"]
[Black "Jones, Avery"]
[Result "1-0"]
[WhiteElo "2038"]
[BlackElo "1671"]
[PlyCount "104"]
[EventDate "2002.07.27"]
[EventType "swiss"]
[EventRounds "5"]
[EventCountry "USA"]
[SourceTitle "EXT 2009"]
[Source "ChessBase"]
[SourceDate "2008.11.26"]
[SourceVersion "1"]
[SourceVersionDate "2008.11.26"]
[SourceQuality "1"]

1. e4 c6 2. d4 d5 3. Nd2 dxe4 4. Nxe4 Bf5 5. Ng3 Bg6 6. h4 h6 7. Nf3 e6 8. h5 Bh7 9. Bd3 Nf6 10. Bxh7 Nxh7 11. Qd3 Be7 12. Bd2 c5 13. 0-0-0 Nc6 14. Bc3 Nf6 15. Ne4 Nd5 16. dxc5 0-0 17. Kb1 Qc7 18. g4 Nxc3+ 19. Qxc3 Qf4 20. Qe3 Qxe3 21. fxe3 f5 22. gxf5 Rxf5 23. Nd4 Nxd4 24. exd4 Rd8 25. c3 Rfd5 26. Nd2 e5 27. Nb3 exd4 28. Rxd4 Bf6 29. Rxd5 Rxd5 30. Kc2 Kh7 31. Nd2 Rxc5 32. Ne4 Rc6 33. Nxf6+ Rxf6 34. Rh2 g5 35. hxg6+ Kxg6 36. Rg2+ Kh5 37. Rg7 Rb6 38. b4 Kh4 39. a4 a6 40. a5 Rb5 41. Kb3 h5 42. c4 Rg5 43. Rxb7 Kg4 44. Rb6 h4 45. Rxa6 h3 46. Rd6 h2 47. Rd1 Kg3 48. Rh1 Kg2 49. Rxh2+ Kxh2 50. a6 Rg3+ 51. Ka4 Rc3 52. a7 Rxc4 1-0